000 00601nam a2200205 a 4500
001 000043364
005 20201002040841.0
008 140311s1973 sp 000 0 spa d
020 _a8424500814
040 _aDO-SdBNP
_bspa
_cBNPHU
082 _axxx
_bxxx
100 1 _aWezker, Arnold
_971021
240 1 0 _aThe Kitchen
_lEspañol
245 1 3 _aLa Cocina /
_cArnold Wezker ; traductor Juan Caño.
260 _aMadrid :
_bFundamentos,
_c1973.
300 _a127 p. ;
_c18 cm.
490 1 _aCuadernos prácticos
_v12
700 1 _aCaño, Juan
_etr.
_971022
830 0 _aCuadernos prácticos ;
_n12
_971023
999 _c42853
_d42853